<?xml version="1.0" encoding="UTF-8"?>
<record
    xmlns:xsi="http://www.w3.org/2001/XMLSchema-instance"
    xsi:schemaLocation="http://www.loc.gov/MARC21/slim http://www.loc.gov/standards/marcxml/schema/MARC21slim.xsd"
    xmlns="http://www.loc.gov/MARC21/slim">

  <leader>04439njm a2200577Ia 4500</leader>
  <controlfield tag="001">23785</controlfield>
  <controlfield tag="003">IT-RoPAU</controlfield>
  <controlfield tag="005">20220918181206.0</controlfield>
  <controlfield tag="008">131025s9999    xx            000 0 und d</controlfield>
  <datafield tag="040" ind1=" " ind2=" ">
    <subfield code="a">IT-RoPAU</subfield>
  </datafield>
  <datafield tag="040" ind1=" " ind2=" ">
    <subfield code="c">IT-RoPAU</subfield>
  </datafield>
  <datafield tag="999" ind1=" " ind2=" ">
    <subfield code="c">103436</subfield>
    <subfield code="d">103436</subfield>
  </datafield>
  <datafield tag="999" ind1=" " ind2=" ">
    <subfield code="b">n.d.</subfield>
  </datafield>
  <datafield tag="100" ind1=" " ind2=" ">
    <subfield code="a">AA.VV.</subfield>
    <subfield code="9">794</subfield>
  </datafield>
  <datafield tag="100" ind1=" " ind2=" ">
    <subfield code="e">Autore musica</subfield>
    <subfield code="9">5869</subfield>
  </datafield>
  <datafield tag="100" ind1=" " ind2=" ">
    <subfield code="g">Codice autore musica SPICS: 12000</subfield>
    <subfield code="9">796</subfield>
  </datafield>
  <datafield tag="245" ind1=" " ind2=" ">
    <subfield code="a">Capolavori ritrovati (Lp Arion Sarn 101)</subfield>
  </datafield>
  <datafield tag="250" ind1=" " ind2=" ">
    <subfield code="a">1a ed.</subfield>
  </datafield>
  <datafield tag="260" ind1=" " ind2=" ">
    <subfield code="a">VARESE</subfield>
  </datafield>
  <datafield tag="260" ind1=" " ind2=" ">
    <subfield code="b">ARION - DUCALE</subfield>
    <subfield code="c">1974 [1a Ed.:1974]</subfield>
  </datafield>
  <datafield tag="300" ind1=" " ind2=" ">
    <subfield code="a">DISCO</subfield>
  </datafield>
  <datafield tag="300" ind1=" " ind2=" ">
    <subfield code="c">44 minuti (Testo:  pag.)</subfield>
  </datafield>
  <datafield tag="500" ind1=" " ind2=" ">
    <subfield code="a">Musica classica. Musica strumentale. Un meraviglioso viaggio esplorativo nel mondo della musica.</subfield>
  </datafield>
  <datafield tag="505" ind1=" " ind2=" ">
    <subfield code="a">Tambourin da "Castor et Pollux". Musette da Platee [(Rameau) (4:00)] - Adagio (1 mov.) dalla "Sonata da Chiesa" in sol min op V N 5 (4:00) - Bourree/Minuetto dalla sonata in sol mag per vl e organo op.1-N.3 (3:00) - Minuetto dalla sonata in do magg per Fl e Pf K 14 [(Mozart) (3:00)] - Minuetto dal quintetto in do maggiore [(Boccherini) (3:00)] - Allegro assai dal concerto in do magg per vl e orch op 7 N 3 (4:00) - Allegro da Les recreations du Berger-Concerto in do maggiore per ghironda e orchestra (3:00) - Canzon in echo a 12 [(Gabrieli) (4:00)] - Largo dal concerto a 5 in fa maggiore con vl e vcl obligato opera 1-N.4 (3:00) - Gracioso dalla sonata II in do maggiore per flauto e clavicembalo (5:00) - Andante con moto dal concerto N 16 in si bemolle maggiore Op13-N.4 (4:00) - La Bonne aventure au gue: 7 variazioni per arpa (5:00) - Allemanda dalla prima suite per viole (4:00)</subfield>
  </datafield>
  <datafield tag="511" ind1=" " ind2=" ">
    <subfield code="a">Harmonie De Chambre di Parigi e Orchestra dirette da Hollard Florian</subfield>
  </datafield>
  <datafield tag="511" ind1=" " ind2=" ">
    <subfield code="a">Les Musichollers diretti da Einhorn Aviva</subfield>
  </datafield>
  <datafield tag="511" ind1=" " ind2=" ">
    <subfield code="a">Jodry Annie: violino e Delvalee Georges: organo</subfield>
  </datafield>
  <datafield tag="511" ind1=" " ind2=" ">
    <subfield code="a">Redel Kurt: flauto e Hoffmann Ludwig: hammerklavier</subfield>
  </datafield>
  <datafield tag="511" ind1=" " ind2=" ">
    <subfield code="a">Sestetto Chigiano</subfield>
  </datafield>
  <datafield tag="511" ind1=" " ind2=" ">
    <subfield code="a">Orchestra da Camera di Fontainebleau e Jodry Annie: violino diretti da Werner Jean Jacques</subfield>
  </datafield>
  <datafield tag="511" ind1=" " ind2=" ">
    <subfield code="a">Fromenteau Michelle: ghironda e l'orchestra da Camera diretti da Cotte Roger</subfield>
  </datafield>
  <datafield tag="511" ind1=" " ind2=" ">
    <subfield code="a">Les Musiciens de Paris</subfield>
  </datafield>
  <datafield tag="511" ind1=" " ind2=" ">
    <subfield code="a">Debost Michel: flauto e Haudebourg Brigitte: clavicembalo</subfield>
  </datafield>
  <datafield tag="511" ind1=" " ind2=" ">
    <subfield code="a">Goverts Hans: clavicembalo e l'orchestra da Camera diretti da Thomas Bernard</subfield>
  </datafield>
  <datafield tag="511" ind1=" " ind2=" ">
    <subfield code="a">Challan Annie: arpa</subfield>
  </datafield>
  <datafield tag="511" ind1=" " ind2=" ">
    <subfield code="a">Orchestra da Camera di Rouen diretta da Bereau Jean Sebastie</subfield>
  </datafield>
  <datafield tag="650" ind1=" " ind2=" ">
    <subfield code="a">STRUMENTALE [DISCHI]</subfield>
    <subfield code="e">Codice MATERIA SPICS: 9950</subfield>
    <subfield code="9">828</subfield>
  </datafield>
  <datafield tag="700" ind1=" " ind2=" ">
    <subfield code="a">Rameau Jean Philippe</subfield>
    <subfield code="d">Codice autore musica SPICS: 11087</subfield>
    <subfield code="e">Autore musica</subfield>
    <subfield code="p">Tambourin da Castor et Pollux. Musette da Platee</subfield>
    <subfield code="9">5870</subfield>
  </datafield>
  <datafield tag="700" ind1=" " ind2=" ">
    <subfield code="a">Corelli Arcangelo</subfield>
    <subfield code="d">Codice autore musica SPICS: 7993</subfield>
    <subfield code="e">Autore musica</subfield>
    <subfield code="p">Adagio (1 mov.) dalla sonata da Chiesa in sol min op V N 5</subfield>
    <subfield code="9">5871</subfield>
  </datafield>
  <datafield tag="700" ind1=" " ind2=" ">
    <subfield code="a">Handel Georg Friedrich</subfield>
    <subfield code="d">Codice autore musica SPICS: 5619</subfield>
    <subfield code="e">Autore musica</subfield>
    <subfield code="p">Bourree/Minuetto dalla sonata in sol mag per vl e organo op.1-N.3</subfield>
    <subfield code="9">5872</subfield>
  </datafield>
  <datafield tag="700" ind1=" " ind2=" ">
    <subfield code="a">Mozart Wolfgang Amadeus</subfield>
    <subfield code="d">Codice autore musica SPICS: 3486</subfield>
    <subfield code="e">Autore musica</subfield>
    <subfield code="p">Minuetto dalla sonata in do magg per Fl e Pf K 14</subfield>
    <subfield code="9">5873</subfield>
  </datafield>
  <datafield tag="700" ind1=" " ind2=" ">
    <subfield code="a">Boccherini Luigi</subfield>
    <subfield code="d">Codice autore musica SPICS: 7898</subfield>
    <subfield code="e">Autore musica</subfield>
    <subfield code="p">Minuetto dal quintetto in do maggiore</subfield>
    <subfield code="9">5874</subfield>
  </datafield>
  <datafield tag="700" ind1=" " ind2=" ">
    <subfield code="a">Leclair Jean-Marie</subfield>
    <subfield code="d">Codice autore musica SPICS: 13794</subfield>
    <subfield code="e">Autore musica</subfield>
    <subfield code="p">Allegro assai dal concerto in do magg per vl e orch op 7 N 3</subfield>
    <subfield code="9">5875</subfield>
  </datafield>
  <datafield tag="700" ind1=" " ind2=" ">
    <subfield code="a">Corrette Michel</subfield>
    <subfield code="d">Codice autore musica SPICS: 13159</subfield>
    <subfield code="e">Autore musica</subfield>
    <subfield code="p">Allegro da Les recreations du Berger-Concerto in do maggiore per ghironda e orchestra</subfield>
    <subfield code="9">5876</subfield>
  </datafield>
  <datafield tag="700" ind1=" " ind2=" ">
    <subfield code="a">Gabrieli Giovanni</subfield>
    <subfield code="d">Codice autore musica SPICS: 13795</subfield>
    <subfield code="e">Autore musica</subfield>
    <subfield code="p">Canzon in echo a 12</subfield>
    <subfield code="9">5877</subfield>
  </datafield>
  <datafield tag="700" ind1=" " ind2=" ">
    <subfield code="a">Marcello Benedetto</subfield>
    <subfield code="d">Codice autore musica SPICS: 8256</subfield>
    <subfield code="e">Autore musica</subfield>
    <subfield code="p">Largo dal concerto a 5 in fa maggiore con vl e vcl obligato opera 1-N.4</subfield>
    <subfield code="9">5878</subfield>
  </datafield>
  <datafield tag="700" ind1=" " ind2=" ">
    <subfield code="a">Devienne Francois</subfield>
    <subfield code="d">Codice autore musica SPICS: 8017</subfield>
    <subfield code="e">Autore musica</subfield>
    <subfield code="p">Gracioso dalla sonata II in do maggiore per flauto e clavicembalo</subfield>
    <subfield code="9">5879</subfield>
  </datafield>
  <datafield tag="700" ind1=" " ind2=" ">
    <subfield code="a">Bach Johann Christian</subfield>
    <subfield code="d">Codice autore musica SPICS: 13796</subfield>
    <subfield code="e">Autore musica</subfield>
    <subfield code="p">Andante con moto dal concerto N 16 in si bemolle maggiore Op13-N.4</subfield>
    <subfield code="9">5880</subfield>
  </datafield>
  <datafield tag="700" ind1=" " ind2=" ">
    <subfield code="a">Petrini Francesco</subfield>
    <subfield code="d">Codice autore musica SPICS: 13797</subfield>
    <subfield code="e">Autore musica</subfield>
    <subfield code="p">La Bonne aventure au gue: 7 variazioni per arpa</subfield>
    <subfield code="9">5881</subfield>
  </datafield>
  <datafield tag="700" ind1=" " ind2=" ">
    <subfield code="a">Forqueray Antoine</subfield>
    <subfield code="d">Codice autore musica SPICS: 13798</subfield>
    <subfield code="e">Autore musica</subfield>
    <subfield code="p">Allemanda dalla prima suite per viole</subfield>
    <subfield code="9">5882</subfield>
  </datafield>
  <datafield tag="942" ind1=" " ind2=" ">
    <subfield code="c">MD</subfield>
    <subfield code="2">ddc</subfield>
  </datafield>
  <datafield tag="952" ind1=" " ind2=" ">
    <subfield code="0">0</subfield>
    <subfield code="1">0</subfield>
    <subfield code="4">0</subfield>
    <subfield code="6">23785_000000000000000</subfield>
    <subfield code="7">1</subfield>
    <subfield code="a">SPICS</subfield>
    <subfield code="b">SPICS</subfield>
    <subfield code="d">2013-10-25</subfield>
    <subfield code="l">0</subfield>
    <subfield code="o">23785</subfield>
    <subfield code="r">2013-10-25 00:00:00</subfield>
    <subfield code="w">2013-10-25</subfield>
    <subfield code="y">MD</subfield>
    <subfield code="z">Progr. Ins.: 4632 / N.Vol.: 1 / Copie: 1 - Copia rara: n.d. / date import: 01.01.2014 - By Epidotti, Trombetti, Vaglietti</subfield>
  </datafield>
</record>
